| 000 | 00000nam 2200000zi 4500 |
| 001 | 9.897483 |
| 003 | CaOODSP |
| 005 | 20221107174613 |
| 006 | m o d f |
| 007 | cr cn||||||||| |
| 008 | 210315e202103##onc ob f000 0 eng d |
| 040 | |aCaOODSP|beng|erda|cCaOODSP |
| 043 | |aa-cc |
| 086 | 1 |aXC11-1/1-432-4E-PDF |
| 110 | 1 |aCanada. |bParliament. |bHouse of Commons. |bSubcommittee on International Human Rights, |eissuing body. |
| 245 | 14|aThe human rights situation of Uyghurs in Xinjiang, China / |cSven Spengemann, chair ; Peter Fonseca, chair. |
| 264 | 1|a[Ottawa] : |bHouse of Commons, Canada = Chambre des communes, Canada, |cMarch 2021. |
| 300 | |a1 online resource (xiv, 51 pages) |
| 336 | |atext|btxt|2rdacontent |
| 337 | |acomputer|bc|2rdamedia |
| 338 | |aonline resource|bcr|2rdacarrier |
| 490 | 1 |aReport of the Standing Committee on Foreign Affairs and International Development ; |v4th report, 43rd Parliament, 2nd session |
| 500 | |aIssued also in French under title: La situation des droits de la personne du peuple ouïghour au Xinjiang, en Chine. |
| 500 | |aIssued also in HTML format. |
| 504 | |aIncludes bibliographical references. |
| 650 | 0|aPolitical persecution|zChina|zXinjiang Uygur Zizhiqu. |
| 650 | 0|aUighur (Turkic people)|xViolence against|zChina|zXinjiang Uygur Zizhiqu. |
| 650 | 0|aMuslims|xViolence against|zChina|zXinjiang Uygur Zizhiqu. |
| 650 | 0|aUighur (Turkic people)|zChina|xGovernment relations. |
| 650 | 0|aHuman rights|zChina|zXinjiang Uygur Zizhiqu. |
| 700 | 1 |aSpengemann, Sven. |
| 700 | 1 |aFonseca, Peter, |d1966- |
| 710 | 1 |aCanada. |bParliament. |bHouse of Commons. |bStanding Committee on Foreign Affairs and International Development, |eissuing body. |
| 775 | 08|tLa situation des droits de la personne du peuple ouïghour au Xinjiang, en Chine / |w(CaOODSP)9.897498 |
| 830 | #0|aReport of the Standing Committee on Foreign Affairs and International Development ;|v4th report, 43rd Parliament, 2nd session.|w(CaOODSP)9.507099 |
| 856 | 40|qPDF|s1.95 MB|uhttps://publications.gc.ca/collections/collection_2021/parl/xc11-1/XC11-1-1-432-4-eng.pdf |
| 856 | 4 |qHTML|sN/A|uhttps://www.ourcommons.ca/DocumentViewer/en/43-2/FAAE/report-4 |